[Event "Reunion op 11th"]
[Site "St Denis"]
[Date "2009.10.10"]
[Round "1"]
[White "Payet, Daniel"]
[Black "Li Ying, Patrick"]
[Result "0-1"]
[WhiteElo "1490"]
[BlackElo "2142"]
[PlyCount "62"]
[EventDate "2009.10.10"]
[EventType "swiss"]
[EventRounds "9"]
[EventCountry "RUF"]
[SourceTitle "CBM 132 Extra"]
[Source "ChessBase"]
[SourceDate "2009.11.03"]
[SourceVersion "1"]
[SourceVersionDate "2009.11.03"]
[SourceQuality "1"]

1. e4 c5 2. Nf3 d6 3. Bc4 e6 4. 0-0 Be7 5. Nc3 Nf6 6. a3 0-0 7. d3 Nc6 8. Be3 a6 9. Qd2 d5 10. exd5 exd5 11. Ba2 d4 12. Bxd4 cxd4 13. Ne2 Bg4 14. Qf4 Bd6 15. Qg5 Bxf3 16. gxf3 Re8 17. Ng3 Qa5 18. Nf5 Bxh2+ 19. Kxh2 Qc7+ 20. f4 g6 21. Rg1 Nh5 22. Nh6+ Kf8 23. Nxf7 Qxf4+ 24. Qxf4 Nxf4 25. Nd6 Re2 26. Kg3 Nh5+ 27. Kf3 Rxc2 28. Nxb7 Rb8 29. Nd6 Rbxb2 30. Bc4 Rxf2+ 31. Ke4 Nf6# 0-1

[Event "Reunion op 10th"]
[Site "St Denis"]
[Date "2008.10.16"]
[Round "7"]
[White "Payet, Daniel"]
[Black "Lapierre, Christian"]
[Result "1/2-1/2"]
[WhiteElo "1440"]
[BlackElo "1490"]
[PlyCount "59"]
[EventDate "2008.10.11"]
[EventType "swiss"]
[EventRounds "9"]
[EventCountry "RUF"]
[SourceTitle "EXT 2009"]
[Source "ChessBase"]
[SourceDate "2008.11.26"]
[SourceVersion "1"]
[SourceVersionDate "2008.11.26"]
[SourceQuality "1"]

1. e4 c5 2. Nf3 Nc6 3. d4 cxd4 4. Nxd4 g6 5. c4 Bg7 6. Be3 Nf6 7. Nc3 d6 8. Be2 0-0 9. Qd2 Ng4 10. Bxg4 Bxg4 11. f3 Bd7 12. Nb3 b6 13. Bh6 Ne5 14. Bxg7 Kxg7 15. Qd4 Kg8 16. f4 Nc6 17. Qd3 f6 18. 0-0-0 Rc8 19. Qg3 Be6 20. f5 Bf7 21. h4 Ne5 22. Nd2 Qe8 23. b3 d5 24. fxg6 hxg6 25. h5 g5 26. h6 Kh7 27. Rhf1 dxc4 28. b4 Nd3+ 29. Kb1 Bh5 30. Nf3 1/2-1/2

[Event "Reunion op 07th"]
[Site "Reunion"]
[Date "2004.10.15"]
[Round "8"]
[White "Henry, Laura"]
[Black "Payet, Daniel"]
[Result "0-1"]
[WhiteElo "1009"]
[BlackElo "1450"]
[PlyCount "40"]
[EventDate "2004.10.09"]
[EventType "swiss"]
[EventRounds "9"]
[EventCountry "RUF"]
[SourceTitle "CBM 102 Extra"]
[Source "ChessBase"]
[SourceDate "2004.11.03"]
[SourceVersion "1"]
[SourceVersionDate "2004.11.03"]
[SourceQuality "1"]

1. e4 c5 2. Bb5 a6 3. Ba4 b5 4. Bb3 c4 5. Nf3 cxb3 6. axb3 Nc6 7. d4 d5 8. Nc3 e6 9. Bf4 Bb4 10. 0-0 Nge7 11. Qd3 Ng6 12. Bg3 Nce7 13. Nd1 Bb7 14. c3 Bd6 15. Bh4 dxe4 16. Qe3 exf3 17. gxf3 Nxh4 18. c4 Nef5 19. Qe2 Qg5+ 20. Kh1 Qg2# 0-1

[Event "Reunion op 07th"]
[Site "Reunion"]
[Date "2004.10.13"]
[Round "5"]
[White "Payet, Daniel"]
[Black "Mablouke, Ulrich"]
[Result "0-1"]
[WhiteElo "1450"]
[BlackElo "1680"]
[PlyCount "91"]
[EventDate "2004.10.09"]
[EventType "swiss"]
[EventRounds "9"]
[EventCountry "RUF"]
[SourceTitle "CBM 102 Extra"]
[Source "ChessBase"]
[SourceDate "2004.11.03"]
[SourceVersion "1"]
[SourceVersionDate "2004.11.03"]
[SourceQuality "1"]

1. e4 e5 2. Nf3 d5 3. exd5 e4 4. Nd4 c6 5. Bc4 cxd5 6. Bb3 Bc5 7. c3 Bxd4 8. cxd4 Nc6 9. Nc3 Nf6 10. Ne2 0-0 11. 0-0 Bg4 12. d3 Nxd4 13. Re1 Nxe2+ 14. Rxe2 Bxe2 15. Qxe2 exd3 16. Qxd3 a6 17. Bg5 h6 18. Bh4 Re8 19. Bc2 Qe7 20. f3 Qe3+ 21. Bf2 Qxd3 22. Bxd3 Nh5 23. g3 Nf6 24. Kf1 Nd7 25. f4 Nf6 26. Bd4 Ne4 27. Kg2 Nd2 28. Rd1 Nc4 29. Kf3 b5 30. b3 Na5 31. Rc1 Rac8 32. Rd1 Nc6 33. Bb2 d4 34. Bf5 Re3+ 35. Kg4 Rd8 36. Bb1 Re2 37. Ba1 Rde8 38. Rc1 Nb4 39. a3 Re1 40. Rxe1 Rxe1 41. Bxd4 Rxb1 42. axb4 Rxb3 43. Bc5 Ra3 44. Bb6 Ra4 45. Ba5 Rxa5 46. bxa5 0-1

[Event "Reunion op 07th"]
[Site "Reunion"]
[Date "2004.10.10"]
[Round "2"]
[White "Lombardie, Floriane"]
[Black "Payet, Daniel"]
[Result "0-1"]
[WhiteElo "1199"]
[BlackElo "1450"]
[PlyCount "80"]
[EventDate "2004.10.09"]
[EventType "swiss"]
[EventRounds "9"]
[EventCountry "RUF"]
[SourceTitle "CBM 102 Extra"]
[Source "ChessBase"]
[SourceDate "2004.11.03"]
[SourceVersion "1"]
[SourceVersionDate "2004.11.03"]
[SourceQuality "1"]

1. e4 c5 2. Nf3 e6 3. Bc4 Nf6 4. Nc3 a6 5. 0-0 Be7 6. Bb3 b5 7. a4 b4 8. Ne2 Nxe4 9. a5 Nf6 10. Ba4 0-0 11. d4 Bb7 12. dxc5 Bxc5 13. Be3 Bxe3 14. fxe3 Nc6 15. e4 Nxe4 16. Bb3 Nf6 17. Ned4 Nxa5 18. Ng5 h6 19. Ndxe6 dxe6 20. Bxe6 fxe6 21. Nxe6 Qb6+ 22. Rf2 Qxe6 23. Qe2 Qxe2 24. Rxe2 Nc6 25. c4 bxc3 26. bxc3 Rfe8 27. Rxe8+ Rxe8 28. c4 Re4 29. c5 Rc4 30. g4 Rxc5 31. Rb1 Rb5 32. Rd1 Nxg4 33. h3 Ne3 34. Rd3 Nf5 35. Rf3 Ncd4 36. Rf1 a5 37. Ra1 Bc6 38. Re1 Nf3+ 39. Kf1 Nxe1 40. Kxe1 a4 0-1